000 00304nam a22001337a 4500
008 170728b xxu||||| |||| 00| 0 eng d
020 _a3446173994
041 _ager
080 _a004
100 _a31
101 _aSHK
245 _aOBJEKTORIENTIERTES PROGRAMMIEREN MIT C++
_cJELL,TH
942 _2udc
_cBK
999 _c22083
_d22083